| 000 | 00386nam a22001577a 4500 | ||
|---|---|---|---|
| 082 |
_aM3 (FTr.) _bABB/M |
||
| 100 | _aAbbe Prevost | ||
| 245 |
_aManon lescaut/ _cby Abbe Prevost |
||
| 260 |
_a _bM Gangadharan, _c1980 |
||
| 300 | _a267p. | ||
| 650 | _aTranslation French Novel | ||
| 650 | _aNovel Malayalam | ||
| 650 | _aLiterature Malayalam | ||
| 650 | _aLiterature | ||
| 942 | _cBK | ||
| 999 |
_c176052 _d176052 |
||